80s Pop Female songs - Statistics

General Stats
  • This quiz has been taken 766 times
  • The average score is 4 of 9
Answer Stats
Hint Answer % Correct
True Blue; Open Your Heart; Vogue Madonna
98%
Call Me; The Tide Is High; Heart of Glass Blondie
88%
Radio Romance; Could've Been; I Think We're Alone Now Tiffany
79%
Water; More Than You Know; Toy Soldiers Martika
53%
Foolish Beat; Shake Your Love; Only In My Dreams Debbie Gibson
43%
Almost Over You; For Your Eyes Only; The Lover In Me Sheena Easton
43%
Lisa; Kiss Me Deadly; Close My Eyes Forever Lita Ford
30%
I Surrender (to the Spirit of the Night); Do Ya Do Ya; Satisfaction Samantha Fox
9%
Shy Boys; Love Is the Winner; The Boy Next Door Ana
2%
No matching quizzes found
Score Distribution
Percent of People with Each Score
Percentile by Number Answered
Your Score History
You have not taken this quiz